Tableau des médailles olympiques - Athlétisme - Statistiques

Statistiques générales
  • Ce quiz a été pris 133 fois
    42 depuis la dernière actualisation
  • Le résultat moyen est 11 sur 15
Statistiques - réponses
Total Or Argent Bronze Pays % Correct
861 358 280 223 États-Unis
100%
71 13 28 30 France
100%
220 56 87 77 Grande-Bretagne
95%
68 24 16 28 Italie
95%
87 20 30 37 Allemagne
90%
71 19 19 33 Canada
77%
117 38 43 36 Kenya
77%
83 22 29 32 Australie
74%
93 27 39 27 Jamaïque
72%
67 29 20 18 Pologne
72%
85 21 23 41 Suède
72%
193 64 55 74 Union soviétique
72%
62 24 15 23 Éthiopie
59%
109 38 36 35 Allemagne de l'Est
41%
114 48 36 30 Finlande
38%
Aucun quiz correspondant
Distribution des résultats
% des personnes avec chaque résultat
Percentile par nombre de réponses
Votre historique - résultats
Vous n’avez pas pris ce quiz depuis la dernière actualisation